| 000 | 00372nam a2200157Ia 4500 | ||
|---|---|---|---|
| 003 | OSt | ||
| 005 | 20240304160732.0 | ||
| 008 | 170523s9999 xx 000 0 und d | ||
| 020 | _a 978-0074638743 | ||
| 040 | _cIIMT UNIVERSITY | ||
| 100 | _aSHARMA- RA | ||
| 245 | 0 | _aORGANIZATIONAL THEORY AND BEHAVIOUR | |
| 260 | _bTATA MC GRAW HILL | ||
| 260 | _c2000 | ||
| 942 |
_2ddc _c02 |
||
| 999 |
_c919 _d919 |
||